|
|
|
|
| LEADER |
01748nam a2200277 u 4500 |
| 001 |
10119144 |
| 003 |
upatras |
| 005 |
20210117205737.0 |
| 008 |
160217s2013 gr gre |
| 020 |
|
|
|a 9789605277871
|
| 040 |
|
|
|a GR-PaULI
|c GR-PaULI
|b gre
|e AACR2
|
| 082 |
1 |
4 |
|a 888.020 8 ΠΑΝ
|2 23
|
| 082 |
1 |
4 |
|a 888.308
|2 ΕΕΒ
|
| 100 |
1 |
|
|a Παναγιώτου, Αντώνιος Δ.
|4
|9 148944
|e συγγραφέας.
|
| 245 |
1 |
0 |
|a Κειμενοδρόμιο :
|b οδοιπορικό στα πρόσωπα και στα κείμενα της βυζαντινής πεζογραφίας /
|c Αντώνιος Δ. Παναγιώτου
|
| 260 |
|
|
|a Αθήνα :
|b Αρμός,
|c 2013.
|
| 300 |
|
|
|a 878 σ. ;
|c 24 εκ.
|
| 504 |
|
|
|a Περιλαμβάνει βιβλιογραφικές αναφορές.
|
| 650 |
|
4 |
|a Βυζαντινή λογοτεχνία
|x Πεζογραφία
|x Συλλογές
|9 148945
|
| 942 |
|
|
|2 ddc
|c BK15
|
| 952 |
|
|
|0 0
|1 0
|4 0
|6 888_308000000000000_ΠΑΝ
|7 0
|9 189284
|a LTRT
|b LTRT
|d 2016-04-24
|i 14341
|l 0
|o 888.308 ΠΑΝ
|p 025000196420
|r 2016-04-24 00:00:00
|t 1
|w 2016-04-24
|y BK15
|
| 952 |
|
|
|0 0
|1 0
|2 ddc
|4 0
|6 888_020000000000000_8_ΠΑΝ
|7 0
|9 203428
|a LISP
|b LISP
|c ALFh
|d 2016-05-09
|i 133471
|l 1
|o 888.020 8 ΠΑΝ
|p 025000250763
|r 2019-02-12 00:00:00
|s 2018-11-14
|t 3
|w 2016-05-09
|y BK15
|
| 952 |
|
|
|0 0
|1 0
|2 ddc
|4 0
|6 888_020000000000000_8_ΠΑΝ
|7 0
|9 217450
|a LISP
|b LISP
|c BSC
|d 2017-11-22
|i 117073
|l 1
|o 888.020 8 ΠΑΝ
|p 025000189804
|r 2018-10-15 00:00:00
|s 2018-10-04
|t 4
|w 2017-11-22
|y BK15
|
| 952 |
|
|
|0 0
|1 0
|2 ddc
|4 0
|6 888_020000000000000_8_ΠΑΝ
|7 0
|9 217451
|a LISP
|b LISP
|c BSC
|d 2017-11-22
|i 132252
|l 1
|m 1
|o 888.020 8 ΠΑΝ
|p 025000206513
|r 2025-03-31 16:25:19
|s 2025-02-17
|t 5
|w 2017-11-22
|y BK15
|
| 998 |
|
|
|c ΑΝΔΡΙΚΟΠΟΥΛΟΥ
|d 2016-02
|
| 999 |
|
|
|c 116600
|d 116600
|